000
00273nam a2200121Ia 4500
008
190216s9999||||xx |||||||||||||| ||und||
100
_a
Kotreshwar G
245
0
_a
Risk Management
260
_b
Himalaya Publishing House
300
_a
397
650
_a
Commerce
942
_c
BK
999
_c
6899
_d
6899